• 首页
  • 本馆介绍
  • 公告通知
  • 最新文献
  • 馆藏检索
  • 电子资源
  • 读者导购
  • 参考咨询
  • 我的图书馆
  • 登录
  • 详细信息显示
  • 放入我的书架
  • 预约/预借图书
  • 作者相关作品
  • 分类相关作品
  • 丛书相关作品
  • 出版社相关作品

书目信息

  • 表格格式
  • 工作单格式
  • 卡片格式
题名:
自然物摄影
    
 
作者: 帕特森 著 ;姜雯 , 李孝贤 译
分册:  
出版信息: 杭州   西湖摄影艺术出版社  1987
页数: 100页
开本: 18cm
丛书名: 摄影艺术译丛
单 册:
中图分类: J40
科图分类:
主题词: 外景摄影-摄影艺术 , 摄影艺术-外景摄影 , 摄影艺术--艺术理论
电子资源:
ISBN:
000 00866nam2 2200301 45
001 0187005824
005 20060420150507.56
010    @dCNY4.60
091    @aCN@b8364.149
100    @a19930904d1987 em y0chiy0121 ea
101 1  @achi@ceng
105    @af z 000yy
200 10 @a自然物摄影@Azi ran wu she ying@f(加拿大)弗里曼·帕特森著@F(jia na da)fu li man·pa te sen zhu@g姜雯,李孝贤译
210    @a杭州@c西湖摄影艺术出版社@d1987
215    @a100页@d18cm
225 2  @a摄影艺术译丛
410  0 @120010@a摄影艺术译丛
606    @a外景摄影-摄影艺术
606    @a摄影艺术-外景摄影
606 0  @a摄影艺术@x艺术理论
610 0  @a自然摄影
690    @aJ40@v3
701  1 @a帕特森@Apa te sen@bF.@4著
702  0 @a姜雯@Ajiang wen@4译
702  0 @a李孝贤@Ali xiao xian@4译
801  2 @aCN@bNLC@c20060420
801  0 @aCN@bTSSF
905    @a10447@dJ40@e61
    
    自然物摄影/(加拿大)弗里曼·帕特森著/姜雯,李孝贤译.-杭州:西湖摄影艺术出版社,1987
    100页;18cm.-(摄影艺术译丛)
    
    
    ISBN :CNY4.60
    
●
相关链接 在E读中查询图书 在五车中查询图书 在当当中查询图书 在豆瓣中查询图书


正题名:自然物摄影     索取号:J40/61         预约/预借

序号 登录号 条形码 馆藏地/架位号 状态 备注
1 0211558   202275910   密集书库/ [索取号:J40/61] 在馆    
2 0211559   000571839   第一样本阅览室/ [索取号:J40/61] 在馆    
欢迎您!
大连网信软件有限公司© 版权所有